<?xml version="1.0" encoding="UTF-8"?><?xml-stylesheet type="text/xsl" href="static/style.xsl"?><OAI-PMH xmlns="http://www.openarchives.org/OAI/2.0/" xmlns:xsi="http://www.w3.org/2001/XMLSchema-instance" xsi:schemaLocation="http://www.openarchives.org/OAI/2.0/ http://www.openarchives.org/OAI/2.0/OAI-PMH.xsd"><responseDate>2026-04-14T03:41:37Z</responseDate><request verb="GetRecord" identifier="oai:www.recercat.cat:10256/19173" metadataPrefix="marc">https://recercat.cat/oai/request</request><GetRecord><record><header><identifier>oai:recercat.cat:10256/19173</identifier><datestamp>2024-06-14T09:44:56Z</datestamp><setSpec>com_2072_452955</setSpec><setSpec>com_2072_2054</setSpec><setSpec>col_2072_453064</setSpec></header><metadata><record xmlns="http://www.loc.gov/MARC21/slim" xmlns:dcterms="http://purl.org/dc/terms/" xmlns:xsi="http://www.w3.org/2001/XMLSchema-instance" xmlns:doc="http://www.lyncode.com/xoai" xsi:schemaLocation="http://www.loc.gov/MARC21/slim http://www.loc.gov/standards/marcxml/schema/MARC21slim.xsd">
   <leader>00925njm 22002777a 4500</leader>
   <datafield ind2=" " ind1=" " tag="042">
      <subfield code="a">dc</subfield>
   </datafield>
   <datafield ind2=" " ind1=" " tag="720">
      <subfield code="a">Capriotti, Paul</subfield>
      <subfield code="e">author</subfield>
   </datafield>
   <datafield ind2=" " ind1=" " tag="720">
      <subfield code="a">Oliveira dos Santos, Andrea</subfield>
      <subfield code="e">author</subfield>
   </datafield>
   <datafield ind2=" " ind1=" " tag="720">
      <subfield code="a">Zeler, Ileana</subfield>
      <subfield code="e">author</subfield>
   </datafield>
   <datafield ind2=" " ind1=" " tag="260">
      <subfield code="c">2019-12-19</subfield>
   </datafield>
   <datafield ind2=" " ind1=" " tag="520">
      <subfield code="a">Studying publics is key for organizations to plan and manage communication with these groups through empirical data. The main objective of this article is to identify how publics are analyzed in the first stage of strategic communication planning models. The results reveal that publics appear in the research stage, although the study of these groups is developed in different ways. The study was carried out through content analysis of thestrategic communication planning models compiled by Marca (2017) based on the audit criteria systematized by Cuenca (2017). It does not recognize neither a predominant procedure applied to the analysis of publics nor a global study of them</subfield>
   </datafield>
   <datafield ind2=" " ind1=" " tag="520">
      <subfield code="a">El estudio los públicos es clave para que las organizaciones planifiquen y gestionen la comunicación con estos grupos mediante datos empíricos. El objetivo principal de este artículo es identifica cómo se analizan los públicos en la primera etapa de los modelos de la planificación estratégica de comunicación. El estudio se llevó a cabo mediante un análisis de contenido de los modelos de planificación estratégica de comunicación recopilados por Marca (2017) a partir de los criterios de auditorías sistematizados por Cuenca (2017). Los resultados revelan que los públicos aparecen en la etapa de investigación, aunque el estudio de estos grupos se desarrolla de diversas formas. No se reconoce un procedimiento predominante aplicado al análisis de los públicos y tampoco un estudio global de los mismos</subfield>
   </datafield>
   <datafield ind1="8" ind2=" " tag="024">
      <subfield code="a">http://hdl.handle.net/10256/19173</subfield>
   </datafield>
   <datafield tag="653" ind2=" " ind1=" ">
      <subfield code="a">Comunicació</subfield>
   </datafield>
   <datafield tag="653" ind2=" " ind1=" ">
      <subfield code="a">Relacions públiques</subfield>
   </datafield>
   <datafield tag="653" ind2=" " ind1=" ">
      <subfield code="a">Auditoria</subfield>
   </datafield>
   <datafield tag="653" ind2=" " ind1=" ">
      <subfield code="a">Communication</subfield>
   </datafield>
   <datafield tag="653" ind2=" " ind1=" ">
      <subfield code="a">Public relations</subfield>
   </datafield>
   <datafield tag="653" ind2=" " ind1=" ">
      <subfield code="a">Auditing</subfield>
   </datafield>
   <datafield ind2="0" ind1="0" tag="245">
      <subfield code="a">Investigación de los públicos en los modelos de la planificación estratégica de comunicación</subfield>
   </datafield>
</record></metadata></record></GetRecord></OAI-PMH>